000
00347nam a2200145Ia 4500
008
220204s9999 xx 000 0 und d
082
_a
581:576.3
_b
CLO
100
_a
CLOWE, Fal
245
0
_a
Plant cells
260
_a
Oxford
_b
Blackwell
_c
1968
490
_a
Botanical monographs
650
_a
Plant cell
700
_a
JONIPER, B E
942
_c
BK
999
_c
21159
_d
21159